000158731 001__ 158731
000158731 005__ 20250520134617.0
000158731 037__ $$aGDOC-2024-29719
000158731 041__ $$aspa
000158731 041__ $$aeng
000158731 100__ $$0(orcid)0000-0002-6003-0215$$1325968$$aJorge Aísa, Arenaz
000158731 24500 $$929719$$aTeoría de mecanismos y máquinas
000158731 24200 $$929719$$aMechanism and Machine Theory
000158731 260__ $$aZaragoza$$bUniversidad de Zaragoza$$c2024-2025
000158731 521__ $$9149$$aGrado en Ingeniería Mecánica$$bBachelor Degree in Mechanical Engineering
000158731 540__ $$aby-nc-sa$$bCreative Commons$$c3.0$$uhttp://creativecommons.org/licenses/by-nc-sa/3.0/
000158731 700__ $$0(orcid)0000-0002-6003-0215$$1325968$$aJorge Aísa, Arenaz
000158731 700__ $$1329442$$aFrancisco Javier Aznar, Peligero
000158731 700__ $$1329442$$aFrancisco Javier Aznar, Peligero
000158731 700__ $$1578366$$aPatricia Gómez, Bachiller
000158731 700__ $$1578366$$aPatricia Gómez, Bachiller
000158731 700__ $$0(orcid)0000-0003-4666-6505$$1308906$$aMaría Aránzazu Martínez, Pérez
000158731 700__ $$0(orcid)0000-0003-4666-6505$$1308906$$aMaría Aránzazu Martínez, Pérez
000158731 700__ $$0(orcid)0000-0003-0475-9156$$1115922$$aDaniel Mercado, Barraqueta
000158731 700__ $$0(orcid)0000-0003-0475-9156$$1115922$$aDaniel Mercado, Barraqueta
000158731 830__ $$9434
000158731 830__ $$9662
000158731 8564_ $$s23534$$uhttps://zaguan.unizar.es/record/158731/files/guia-29719-es.pdf$$yGuía (idioma español)
000158731 8564_ $$s8037$$uhttps://zaguan.unizar.es/record/158731/files/guia-29719-en.pdf$$yGuide (english)
000158731 970__ $$aGDOC-2024-29719
000158731 980__ $$aGDOC$$bEngineering and Architecture$$bIngeniería y Arquitectura$$c110